000 00239nam a2200085Ia 4500
245 0 _aHow to draw cool cars
100 _a Capsey, Steve, Essex, United kingdom, 2009
_986241
942 _cBK
008 210817s9999 xx 000 0 und d
999 _c328140
_d328139